00485nmm a2200145Ia 4500008004100000020001500041041000800056100003000064245007100094264005100165300001800216490002300234650003200257856005000289251105s9999||||xx |||||||||||||||||und|| a8497423496 aspa aJordán, Javier (coord.) 0aLos orígenes del terror : indagando en las causas del terrorismo a[Madrid, España] :bBiblioteca Nueva, c2004 a264 páginas aEnsayo Pensamiento aPolitical Science (General) uhttps://public.digitaliapublishing.com/a/5157